00509nam a22001817a 450000500170000000800410001702000180005804000210007604100080009708200160010510000260012124500690014725000120021626000370022830000100026565000290027570000230030420230120131203.0220618b ||||| |||| 00| 0 eng d a9789391883331 aIN-DiNCcIN-DiNC dasm a339.01bAHM aAhmed Rofiqueeauthor aAdhunik samastigata arthabigyancby Rofique Ahmed and Rima Rabha a1st ed. aJorhat:bUnika Prakashan,c2022. a222p. aAdvanced Macro Economics aRabha Rimaeauthor